| 000 | 01036nam0a2200289 4500 | ||
|---|---|---|---|
| 001 | RU\NLR\BIBL_A\011411536 | ||
| 005 | 20240727021058.0 | ||
| 010 |
_a9785895712696 _9200 |
||
| 021 |
_aRU _b2017-40134 _92922 |
||
| 035 | _a(RuMoRGB)008900040 | ||
| 035 | _a(NLR Aleph) 011411536 | ||
| 090 |
_a11560270 _c11560270 |
||
| 100 | _a20170621d2017 u y0rusy50 ca | ||
| 101 | 0 | _arus | |
| 102 | _aRU | ||
| 105 | _aa z 1 g | ||
| 200 | 1 |
_aВласть времени _eстихи _e100-летию Великой Октябрьской Социалистической революции _fВалентина Сапунова |
|
| 210 |
_aНевинномысск, Ставропольский край _c[б. и.] _d2017 |
||
| 215 |
_a112 с., [2] л. цв. ил. _cил. _d21 |
||
| 686 |
_aШ5(2=Р)64-65я44 _2rubbk |
||
| 686 | 2 | _aШ6(2=Р)8-5 | |
| 700 | 1 |
_aСапунова _bВ. Ф. _f1946- _gВалентина Фёдоровна |
|
| 942 | _cBOOK | ||
| 980 | _aNBR | ||